Let the nations be glad! : (Record no. 9348)

MARC details
000 -LEADER
fixed length control field 03503cam a2200373 i 4500
001 - CONTROL NUMBER
control field 424557577
003 - CONTROL NUMBER IDENTIFIER
control field OCoLC
005 - DATE AND TIME OF LATEST TRANSACTION
control field 20241126110710.0
008 - FIXED-LENGTH DATA ELEMENTS--GENERAL INFORMATION
fixed length control field 091016t20102010miu b 001 0 eng
010 ## -
-- 2009043303
020 ## - INTERNATIONAL STANDARD BOOK NUMBER
International Standard Book Number 9780801036415
020 ## - INTERNATIONAL STANDARD BOOK NUMBER
International Standard Book Number 0801036410
035 ## - SYSTEM CONTROL NUMBER
System control number (OCoLC)424557577
040 ## - CATALOGING SOURCE
Original cataloging agency DLC
Language of cataloging eng
Description conventions rda
Transcribing agency DLC
Modifying agency BTCTA
-- XBE
-- C#P
-- YDXCP
-- BWX
-- CDX
-- BDX
-- OCLCF
-- OCLCQ
-- OKR
-- SGB
-- OCLCA
050 00 -
-- BV2063
-- .P55 2010
050 00 -
-- BV2063
-- .P55 2010
082 ## - DEWEY DECIMAL CLASSIFICATION NUMBER
Classification number 266.001
Item number PIP
100 1# - MAIN ENTRY--PERSONAL NAME
Personal name Piper, John,
Dates associated with a name 1946-
Relator term author.
9 (RLIN) 8858
245 10 - TITLE STATEMENT
Title Let the nations be glad! :
Remainder of title the supremacy of God in missions /
Statement of responsibility, etc. John Piper.
250 ## - EDITION STATEMENT
Edition statement Third edition.
264 #1 - PRODUCTION, PUBLICATION, DISTRIBUTION, MANUFACTURE, AND COPYRIGHT NOTICE
Place of production, publication, distribution, manufacture Grand Rapids, Michigan :
Name of producer, publisher, distributor, manufacturer Baker Academic,
Date of production, publication, distribution, manufacture, or copyright notice [2010]
264 #4 - PRODUCTION, PUBLICATION, DISTRIBUTION, MANUFACTURE, AND COPYRIGHT NOTICE
Date of production, publication, distribution, manufacture, or copyright notice ℗♭2010
300 ## - PHYSICAL DESCRIPTION
Extent 280 pages ;
Dimensions 23 cm
336 ## - CONTENT TYPE
Content type term text
Content type code txt
Source rdacontent
337 ## - MEDIA TYPE
Media type term unmediated
Media type code n
Source rdamedia
338 ## - CARRIER TYPE
Carrier type term volume
Carrier type code nc
Source rdacarrier
504 ## - BIBLIOGRAPHY, ETC. NOTE
Bibliography, etc. note Includes bibliographical references and indexes.
505 0# - FORMATTED CONTENTS NOTE
Formatted contents note Introduction to the Third Edition : New realities in world Christianity and twelve appeals to prosperity preachers -- Part one : Making God supreme in missions : the purpose, the power, and the price. 1. The supremacy of God in missions through worship -- 2. The supremacy of God in missions through prayer -- 3. The supremacy of God in missions through suffering -- Part two : Making God supreme in missions : the necessity and nature of the task. 4. The supremacy of Christ as the conscious focus of all saving faith -- 5. The supremacy of God among "all the nations" -- Part three : Making God supreme in missions : the practical outworking of compassion and worship. 6. A passion for God's supremacy and compassion for man's soul : Jonathan Edwards on the unity of motives for world missions -- 7. The inner simplicity and outer freedom of worldwide worship -- Conclusion -- Afterword : The supremacy of God in going and sending / Tom Steller.
520 ## - SUMMARY, ETC.
Summary, etc. "Missions is not the ultimate goal of the church. Worship is. Missions exists because worship doesn't. Worship is ultimate." - John Piper. Let the Nations Be Glad! has become a modern missions classic. A trusted resource for thousands of missionaries, pastors, church leaders, and laypeople, it provides a biblical basis for missions and worship. This third edition has been expanded to include timely new material on the prosperity gospel. - Back cover.
520 ## - SUMMARY, ETC.
Summary, etc. This new edition of a bestselling textbook (over 185,000 copies sold) draws on key biblical texts to demonstrate that worship is the ultimate goal of the church and that proper worship fuels missionary outreach. John Piper offers a biblical defense of God's supremacy in all things, providing readers with a sound theological foundation for missions. He examines whether Jesus is the only way to salvation and issues a passionate plea for God-centeredness in the missionary enterprise, seeking to define the scope of the task and the means for reaching "all nations." The third edition has been revised and expanded throughout and includes new material on the prosperity gospel. The book is essential reading for those involved in or preparing for missions work. It also offers enlightenment for college and seminary students, pastors, youth workers, campus ministers, and all who want to connect their labors to God's global purposes. - Publisher.
650 #0 - SUBJECT ADDED ENTRY--TOPICAL TERM
Topical term or geographic name entry element Missions
General subdivision Theory.
9 (RLIN) 48
650 #0 - SUBJECT ADDED ENTRY--TOPICAL TERM
Topical term or geographic name entry element God (Christianity)
General subdivision Worship and love.
9 (RLIN) 7109
942 ## - ADDED ENTRY ELEMENTS (KOHA)
Source of classification or shelving scheme Dewey Decimal Classification
Koha item type Books
Koha issues (borrowed), all copies 2
Holdings
Withdrawn status Lost status Source of classification or shelving scheme Damaged status Not for loan Home library Current Library Shelving location Date acquired Total checkouts Full call number Barcode Date last seen Date last checked out Copy number Price effective from Koha item type
    Dewey Decimal Classification     GRACE BIBLE COLLEGE GRACE BIBLE COLLEGE Ministry & Mission 2022-11-07 2 266.001 PIP 015827 2025-05-01 2024-09-19 c.1 2022-11-07 Books
© Grace Bible College Library 2025